01716nam a2200409 a 4500001001000000003000900010005001700019007001000036008004100046020001500087040002200102082002700124100002900151245011000180250001100290260003800301300002600339490003900365504003500404600004200439650005800481651004100539651003700580700002600617830003700643910004100680942001200721945002700733952012100760952012700881952012701008956003901135956003901174956003901213956003901252999001501291000004125DO-SdBNP20180323094707.0000004125090717s2006 dr a 000 0 spa d z999341039X aBPMSUbspacBPMSU 4a923.27293bS211C, 20061 aCassá, Roberto,e1942-10aJuan Sánchez Ramírez :bcaudillo de la reconquista /cRoberto Cassá ; ilustración Ramiro Manzano. a2a ed. aSanto Domingo :bTobogánc2006. a47 p. :bil. c21 cm.1 aBiografías dominicanas Tobogán aIncluye bibliografía (p.47).12aSÁNCHEZ RAMÍREZ, JUAN,y1762-1811 4aREVOLUCIONARIOSzREPÚBLICA DOMINICANAxBIOGRAFÍAS 4aREPÚBLICA DOMINICANAxBIOGRAFÍAS 4aREPÚBLICA DOMINICANAzHISTORIA12aManzano, Ramiro,eil. 0aBiografías dominicanas Tobogan aValidado. Control de calidad MMOLINA 2ddccBK aInventariado, 2017/MFF 00102ddc40708CDaBPMETbBPMETd2015-02-16l0o923.27293 S211C 2006pBPMSU15041304r2015-02-16w2015-02-16yBK 00102ddc40708CDaBPMETbBPMETd2015-02-16l0o923.27293 S211C 2006pBPMSU15041305r2015-02-16te. 2w2015-02-16yBK 00102ddc40708CDaBPMETbBPMETd2015-02-16l0o923.27293 S211C 2006pBPMSU15041306r2015-02-16te. 3w2015-02-16yBK aAVARGASb10c20090717lBND01h0917 aMFILETOb10c20090916lBND01h1030 aMMOLINAb40c20090926lBND01h1228 aMFILETOb40c20140509lBND01h1147 c7403d7403